000 00652nam a2200193 a 4500
001 000405273
003 AM-YeHGA
005 20250618072406.0
008 050125s1969 ai 000 | arm d
040 _aAM-YeHGA
041 0 _aarm
245 1 0 _aՊսակ /
_cԱ. Հովենց; Խմբ.՝ Ս. Գրիգորյան.
246 1 _aВенок
260 _aԲաքու :
_bԱդրբեջանի պետհրատ.,
_c1969.
300 _a38 էջ :
_bդիմանկ. ;
_c10x12 սմ.
650 1 4 _aՀայ գրականություն
_xՊոեզիա
700 1 _aԳրիգորյան, Սամվել Հովհաննեսի,
_d1907-1987
_eխմբ.
_4edt
_91649
090 _c155327
999 _c153929
_d153929